Normal view
MARC view
- Uppal, M.M, Bhatia, S.C
Entry Personal Name
001 - CONTROL NUMBER
- control field: 62228
003 - CONTROL NUMBER IDENTIFIER
- control field: NUST
005 - DATE AND TIME OF LATEST TRANSACTION
- control field: 20210628202912.0
008 - FIXED-LENGTH DATA ELEMENTS
- fixed length control field: 210628|| aca||aabn | a|a d
040 ## - CATALOGING SOURCE
- Original cataloging agency: NUST
- Transcribing agency: NUST
100 ## - HEADING--PERSONAL NAME
- Personal name: Uppal, M.M, Bhatia, S.C
670 ## - SOURCE DATA FOUND
- Source citation: Work cat.: (NUST): Uppal, M.M, Bhatia, S.C, Engineering chemistry, chemical technology, 2005
